000 00997nam a22003017a 4500
003 CHAP
005 20220329140932.0
008 971013s1995 r 00010 d
010 _a60028
011 _a61000
035 _a65164
040 _cCHAP
090 _aTesis
100 0 0 _aOrtiz Ceballos, Angel I.
_983950
245 _aEvaluación de cultivares de picapica mansa Mucuna spp. como cultivo de cobertura
260 _aMontecillo, Méx. :
_bEl autor,
_c1995
300 _a144 h.
502 _aTesis (M.C. Esp en Botánica) -- Colegio de Postgraduados. Instituto de Recursos Naturales. Programa de Botánica
590 _aALEPH
_b10
_c20130110
_lUCH01
_h1338
590 _aBATCH-UPD
_b10
_c20130110
_lUCH01
_h0329
590 _aBATCH-UPD
_b10
_c20130110
_lUCH01
_h2048
590 _aCONVERSION
_b10
_c20130109
_lUCH01
_h1332
650 1 4 _aCultivos de cobertura.
_930371
650 1 4 _aMucuna.
_979257
901 _aBK
942 _cTESIS
949 _bBC
_cTES
_d-144394
_eTS1
_h28305
_i65164
_si
999 _c60028
_d60028